000 00612nam a22001697a 4500
005 20120317154941.0
020 _a0856920347
_c00.00
035 _aB-27448
037 _aDPL
_bENG
100 _aArnold, Sir Edwin
_943887
245 _aThe song celestial Shrimad Bhagavad Gita /
_cby Sir Edwin Arnold
250 _a4th rprn. 1991
260 _aNew Delhi
_bInterprint
_c1991
300 _a151p.
_c26 cms.
942 _2ddc
_cEN
_h181.45
_mTHE
999 _c64102
_d64102